Who Said It? Tate, Hitler, Trump, or Kanye? - Part 2 - Statistics

General Stats
  • This quiz has been taken 82 times
  • The average score is 10 of 15
Answer Stats
Question Answer % Correct
"I am Shakespeare in the flesh" Kanye West
91%
“They went through all that shit to raise you, and now you're sad so you jump off a fucking bridge. If my kid did that, I'd be pissed. What a fucking moron! I wouldn't even give him a funeral.” Andrew Tate
88%
If you put yourself in a position to be raped, you must [bear] some responsibility Andrew Tate
88%
"If I got any cooler I would freeze to death" Kanye West
88%
“Moody females steal your power. It’s dangerous for a man. A man must remain focused.” Andrew Tate
84%
“What good fortune for those in power that people do not think.” Adolf Hitler
82%
"Sometimes I get emotional over fonts" Kanye West
77%
"Who knows better about surprise than Japan? Why didn't you tell me about Pearl Harbor?," Donald Trump
75%
"Windmills are going to be the death of Scotland and even England if they don't do something about them. They are ruining the countryside." Donald Trump
68%
"I've never had any trouble in bed, but if I'd had affairs with half the starlets and female athletes the newspapers linked me with, I'd have no time to breathe." Donald Trump
49%
“As a Christian I have no duty to allow myself to be cheated, but I have the duty to be a fighter for truth and justice." Adolf Hitler
44%
“Anyone who don't agree with everything I say is wrong” Kanye West
42%
“I will be the leader of a country that ends up being worth billions of dollars, because I got all the answers." Kanye West
30%
"You know, it doesn't really matter what they write as long as you've got a young and beautiful piece of ass." Donald Trump
28%
“No politician should ever let himself be photographed in a bathing suit.” Adolf Hitler
21%
No matching quizzes found
Score Distribution
Percent of People with Each Score
Percentile by Number Answered
Your Score History
You have not taken this quiz